[Event "Treviso op-A 4th"]
[Site "Treviso"]
[Date "2023.04.02"]
[Round "4"]
[White "Salerno, Christian1"]
[Black "De Zordi, Fabio"]
[Result "0-1"]
[WhiteElo "1725"]
[BlackElo "1862"]
[PlyCount "68"]
[EventDate "2023.03.31"]
[EventType "swiss"]
[EventRounds "5"]
[EventCountry "ITA"]
[SourceTitle "EXT 2024"]
[Source "ChessBase"]
[SourceDate "2023.10.10"]
[SourceVersion "1"]
[SourceVersionDate "2023.10.10"]
[SourceQuality "1"]

1. d4 Nf6 2. Nf3 g6 3. g3 Bg7 4. Bg2 0-0 5. c4 d6 6. Nc3 Nbd7 7. 0-0 e5 8. h3 c6 9. e4 Qe7 10. Re1 Ne8 11. Be3 h6 12. Qd2 Kh7 13. Kh2 Ndf6 14. Rad1 Ng8 15. Ng1 Qc7 16. Nge2 Ne7 17. Rf1 g5 18. f4 gxf4 19. gxf4 f5 20. fxe5 dxe5 21. exf5 exd4+ 22. Bf4 dxc3 23. Qd3 Bxf5 24. Be4 Qc8 25. Ng3 Kh8 26. Bxh6 Bxh6 27. Qxc3+ Bg7 28. Qf3 Bxe4 29. Qxe4 Rxf1 30. Rxf1 Qd7 31. Rf7 Qd2+ 32. Ne2 Ng8 33. Kh1 Nd6 34. Qh4+ Nh6 0-1

[Event "Cattolica op 2nd"]
[Site "Cattolica"]
[Date "2006.06.13"]
[Round "2"]
[White "Kwossek, Georg"]
[Black "De Zordi, Fabio"]
[Result "1-0"]
[WhiteElo "2065"]
[BlackElo "1808"]
[PlyCount "69"]
[EventDate "2006.06.12"]
[EventType "swiss"]
[EventRounds "6"]
[EventCountry "ITA"]
[SourceTitle "EXT 2024"]
[Source "ChessBase"]
[SourceDate "2023.10.10"]
[SourceVersion "1"]
[SourceVersionDate "2023.10.10"]
[SourceQuality "1"]

1. d4 Nf6 2. c4 e6 3. Nf3 Bb4+ 4. Bd2 a5 5. Nc3 0-0 6. Qc2 d5 7. e3 c5 8. a3 Bxc3 9. bxc3 Nc6 10. Bd3 Re8 11. cxd5 exd5 12. dxc5 Ne4 13. 0-0 Qe7 14. c4 Qxc5 15. Rfb1 Be6 16. Rxb7 Rab8 17. Rb5 Rxb5 18. cxb5 Qxc2 19. Bxc2 Nxd2 20. Nxd2 Ne5 21. Nb3 Nc4 22. Nd4 h6 23. h3 Kf8 24. a4 Bd7 25. Bb3 Nb6 26. Rc1 Rb8 27. Rc7 Ke8 28. Ra7 Nc4 29. Bxc4 dxc4 30. Rc7 Be6 31. Nxe6 fxe6 32. Rxc4 Kd7 33. Kf1 Rb6 34. Ke2 Rd6 35. Rd4 1-0

[Event "Cattolica op"]
[Site "Cattolica"]
[Date "2005.06.19"]
[Round "9"]
[White "De Zordi, Fabio"]
[Black "Pircher, Karl"]
[Result "1/2-1/2"]
[WhiteElo "1733"]
[BlackElo "2037"]
[PlyCount "75"]
[EventDate "2005.06.11"]
[EventType "swiss"]
[EventRounds "9"]
[EventCountry "ITA"]
[SourceTitle "EXT 2007"]
[Source "ChessBase"]
[SourceDate "2006.11.23"]
[SourceVersion "1"]
[SourceVersionDate "2006.11.23"]
[SourceQuality "1"]

1. c4 e6 2. Nc3 d5 3. Nf3 Nf6 4. e3 Be7 5. Be2 0-0 6. 0-0 b6 7. cxd5 exd5 8. d4 Be6 9. Ne5 Nfd7 10. Nd3 c6 11. Bd2 f5 12. Rc1 Bd6 13. f4 Nf6 14. Be1 Nbd7 15. Bh4 Rc8 16. Ne5 Qe8 17. Qa4 b5 18. Qd1 a6 19. Nb1 c5 20. Nd2 c4 21. Ndf3 Ne4 22. Ng5 Nxg5 23. Bxg5 Nf6 24. Bh4 Ne4 25. Bh5 g6 26. Be2 Bb4 27. Be1 Bd6 28. Bf3 Nf6 29. Bh4 Kg7 30. Bxf6+ Rxf6 31. Qe1 b4 32. g4 fxg4 33. Nxg4 Bxg4 34. Bxg4 Rc7 35. Qd2 Rd7 36. Rce1 a5 37. Bf3 Qf7 38. Bg2 1/2-1/2

[Event "Cattolica op"]
[Site "Cattolica"]
[Date "2005.06.15"]
[Round "5"]
[White "De Zordi, Fabio"]
[Black "Raineri, Valerio"]
[Result "1-0"]
[WhiteElo "1733"]
[BlackElo "2145"]
[PlyCount "83"]
[EventDate "2005.06.11"]
[EventType "swiss"]
[EventRounds "9"]
[EventCountry "ITA"]
[SourceTitle "EXT 2007"]
[Source "ChessBase"]
[SourceDate "2006.11.23"]
[SourceVersion "1"]
[SourceVersionDate "2006.11.23"]
[SourceQuality "1"]

1. c4 Nf6 2. g3 g6 3. Bg2 Bg7 4. Nc3 d6 5. d3 e5 6. e4 0-0 7. Nge2 Be6 8. Nd5 Ne8 9. h3 c6 10. Ndc3 Qd7 11. g4 Na6 12. Be3 Nac7 13. 0-0 f5 14. f3 Nf6 15. Qd2 d5 16. exf5 gxf5 17. Bh6 Kh8 18. Qg5 Bxh6 19. Qxh6 Ng8 20. Qe3 Qg7 21. d4 exd4 22. Nxd4 Bd7 23. Qd3 Ne7 24. Rae1 dxc4 25. Qxc4 Ncd5 26. Qc5 Rf6 27. Nxd5 Nxd5 28. Qc1 Rg8 29. Ne2 h5 30. Ng3 Rh6 31. Re5 hxg4 32. fxg4 f4 33. Rh5 Qd4+ 34. Kh1 Rxh5 35. Nxh5 Bxg4 36. Nxf4 Bf5 37. Ne6 Qh4 38. Rxf5 Ne7 39. Qc3+ Kh7 40. Rf7+ Kh6 41. Rf6+ Rg6 42. Qe3+ 1-0

[Event "Cattolica op"]
[Site "Cattolica"]
[Date "2005.06.14"]
[Round "4"]
[White "Solaroli, Riccardo"]
[Black "De Zordi, Fabio"]
[Result "0-1"]
[WhiteElo "1963"]
[BlackElo "1733"]
[PlyCount "52"]
[EventDate "2005.06.11"]
[EventType "swiss"]
[EventRounds "9"]
[EventCountry "ITA"]
[SourceTitle "EXT 2007"]
[Source "ChessBase"]
[SourceDate "2006.11.23"]
[SourceVersion "1"]
[SourceVersionDate "2006.11.23"]
[SourceQuality "1"]

1. e4 e6 2. d4 d5 3. Nc3 Bb4 4. a3 Bxc3+ 5. bxc3 Ne7 6. e5 c5 7. Nf3 Qa5 8. Qd2 Nbc6 9. Rb1 b6 10. dxc5 Ba6 11. Bxa6 Qxa6 12. cxb6 axb6 13. Qd3 Ng6 14. 0-0 0-0 15. Re1 Na5 16. Nd2 Rfc8 17. Qd4 Nc6 18. Qxb6 Ncxe5 19. Qxa6 Rxa6 20. c4 Nxc4 21. Nxc4 dxc4 22. Rd1 Ra7 23. Rb4 h6 24. Rd4 c3 25. Rb3 Ne7 26. Rdb4 Rd7 0-1

[Event "Veneto-ch qf 65th"]
[Site "Arqua Petrarca"]
[Date "2005.05.15"]
[Round "5.21"]
[White "Roberti, Ignazio"]
[Black "De Zordi, Fabio"]
[Result "1/2-1/2"]
[WhiteElo "1954"]
[BlackElo "1733"]
[PlyCount "82"]
[EventDate "2005.05.07"]
[EventType "swiss"]
[EventRounds "6"]
[EventCountry "ITA"]
[SourceTitle "EXT 2024"]
[Source "ChessBase"]
[SourceDate "2023.10.10"]
[SourceVersion "1"]
[SourceVersionDate "2023.10.10"]
[SourceQuality "1"]

1. e4 e6 2. d4 d5 3. e5 c5 4. Nf3 Qb6 5. Bd3 Bd7 6. 0-0 cxd4 7. Nbd2 Ne7 8. Nb3 Nbc6 9. Bf4 Rc8 10. a4 a5 11. Kh1 g6 12. Nbxd4 Nxd4 13. Be3 Nec6 14. c3 Bg7 15. Nxd4 Nxd4 16. Bxd4 Qc7 17. f4 0-0 18. g4 f6 19. Qe1 fxe5 20. Bxe5 Bxe5 21. Qxe5 Qxe5 22. fxe5 Rxf1+ 23. Bxf1 Rf8 24. Kg2 Rf4 25. Bb5 Bc6 26. Kg3 Re4 27. Rf1 Rxe5 28. Rf4 g5 29. Rd4 Kg7 30. Kf2 Kf6 31. Bxc6 bxc6 32. b4 c5 33. bxc5 Ke7 34. c4 Kd7 35. cxd5 Rxd5 36. Rxd5+ exd5 37. Ke3 Kc7 38. Kd3 Kd7 39. Kc3 Kc7 40. Kd3 Kd7 41. Kc3 Kc7 1/2-1/2

[Event "Treviso op-B 27th"]
[Site "Treviso"]
[Date "2003.12.08"]
[Round "4.13"]
[White "De Zordi, Fabio"]
[Black "Zilio, Lodovico"]
[Result "1-0"]
[WhiteElo "1657"]
[BlackElo "1552"]
[PlyCount "49"]
[EventDate "2003.12.06"]
[EventType "swiss"]
[EventRounds "5"]
[EventCountry "ITA"]
[SourceTitle "EXT 2024"]
[Source "ChessBase"]
[SourceDate "2023.10.10"]
[SourceVersion "1"]
[SourceVersionDate "2023.10.10"]
[SourceQuality "1"]

1. c4 e5 2. Nc3 g6 3. g3 Bg7 4. Bg2 f5 5. d3 Nf6 6. Bg5 c6 7. Nf3 Qc7 8. 0-0 h6 9. Bd2 0-0 10. d4 e4 11. Ne5 Kh7 12. c5 b6 13. b4 d6 14. Nc4 Ne8 15. Bf4 Rf6 16. h4 Ba6 17. Ne3 Qd8 18. Qc2 Rf7 19. Rfd1 g5 20. hxg5 hxg5 21. Bxd6 Nxd6 22. cxd6 Qxd6 23. g4 fxg4 24. Nxe4 Kh8 25. Nxd6 1-0